Statistics for Defunct NHL teams

Click here to take the quiz!

General Stats

  • This quiz has been taken 933 times
  • The average score is 11 of 19

Answer Stats

HintAnswer% Correct
1979-1995Quebec Nordiques
87%
1972-1980Atlanta Flames
86%
1979-1997Hartford Whalers
83%
1979-1996Winnipeg Jets
80%
1999-2011Atlanta Trashers
78%
1967-1993Minnesota North Stars
75%
1967-1976California Golden Seals
70%
1924-1938Montreal Maroons
69%
1976-1982Colorado Rockies
61%
1917-1934Ottawa Senators
57%
1974-1976Kansas City Scouts
56%
1925-1942Brooklyn Americans
54%
1976-1978Cleveland Barons
54%
1917-1918Montreal Wanderers
54%
1919-1920Quebec Athletic Club
44%
1925-1930Pittsburgh Pirates
37%
1920-1925Hamilton Tigers
35%
1930-1931Philadelphia Quakers
34%
1934-1935Saint Louis Eagles
30%

Score Distribution

Percentile by Number Answered

Percent of People with Each Score

Your Score History

You have not taken this quiz